| Tag |
First Indicator |
Second Indicator |
Subfields |
| LEADER |
00000cem a2200000Ia 4500 |
| 001 |
in00002448613 |
| 005 |
20151111042000.0 |
| 007 |
aj canzn |
| 008 |
811203s1981 vauaegk a f 0 eng d |
| 034 |
1 |
|
|a a
|b 24000
|d W0772230
|e W0770730
|f N0384500
|g N0383730
|
| 035 |
|
|
|a (OCoLC)ocm07972569
|
| 035 |
|
|
|a (OCoLC)7972569
|
| 040 |
|
|
|a GIS
|c GIS
|d NMT
|d COP
|d STF
|d TXA
|d UtOrBLW
|
| 043 |
|
|
|a n-us-va
|
| 049 |
|
|
|a TXAM
|
| 050 |
1 |
4 |
|a G3701.C5 svar
|b .U52 I-1175
|
| 052 |
|
|
|a 3883
|b F2
|b P7
|
| 074 |
|
|
|a 0619-G-08
|
| 086 |
0 |
|
|a I 19.91:I-1175
|
| 100 |
1 |
|
|a Seiders, Victor M.
|
| 245 |
1 |
0 |
|a Geologic map of the Occoquan quadrangle and part of the Fort Belvoir quadrangle, Prince William and Fairfax Counties, Virginia /
|c by V.M. Seiders and R.B. Mixon ; Department of the Interior, United States Geological Survey.
|
| 246 |
3 |
1 |
|a Occoquan quadrangle and part of the Fort Belvoir quadrangle, Prince William and Fairfax Counties, Virginia
|
| 246 |
3 |
1 |
|a Fort Belvoir quadrangle, Prince William and Fairfax Counties, Virginia
|
| 255 |
|
|
|a Scale 1:24,000
|c (W 77⁰22ʹ30ʺ--W 77⁰07ʹ30ʺ/N 38⁰45ʹ00ʺ--N 38⁰37ʹ30ʺ).
|
| 264 |
|
1 |
|a Reston, Va. :
|b The Survey,
|c 1981.
|
| 300 |
|
|
|a 1 map :
|b color ;
|c 58 x 90 cm., on sheet 94 x 141 cm., folded in envelope 30 x 24 cm.
|
| 336 |
|
|
|a cartographic image
|b cri
|2 rdacontent
|
| 337 |
|
|
|a unmediated
|b n
|2 rdamedia
|
| 338 |
|
|
|a sheet
|b nb
|2 rdacarrier
|
| 490 |
1 |
|
|a Miscellaneous investigations series / Dept. of the Interior, Geological Survey ;
|v map I-1175
|
| 500 |
|
|
|a Relief shown by contours and spot heights. Depth shown by soundings and isolines.
|
| 500 |
|
|
|a Includes text, 4 col. cross-sections, tables, ancillary map, and location map.
|
| 504 |
|
|
|a Includes bibliographical references.
|
| 500 |
|
|
|a Cartographic material.
|
| 650 |
|
0 |
|a Geology
|z Virginia
|z Prince William County
|v Maps.
|
| 650 |
|
0 |
|a Geology
|z Virginia
|z Fairfax County
|v Maps.
|
| 700 |
1 |
|
|a Mixon, Robert B.
|
| 710 |
2 |
|
|a Geological Survey (U.S.)
|
| 830 |
|
0 |
|a Miscellaneous investigations series (Geological Survey (U.S.)) ;
|v map I-1175.
|
| 994 |
|
|
|a C0
|b TXA
|
| 948 |
|
|
|a cataloged
|b h
|c 2009/07/10
|e rzeske
|f 10:16:32 am
|
| 999 |
|
|
|a MARS
|
| 999 |
f |
f |
|s 1fa4e099-1e5a-3e98-ab8d-d61448692519
|i 6e5f9664-9a82-3745-9bb5-2e41c3a5f2f5
|t 0
|
| 952 |
f |
f |
|p normal
|a Texas A&M University
|b College Station
|c Sterling C. Evans Library
|d Evans: Maps File (2nd floor)
|t 0
|e I 19.91:I-1175
|h Superintendent of Documents classification
|i unmediated -- sheet
|m A14837625090
|
| 998 |
f |
f |
|a I 19.91:I-1175
|t 0
|l Evans: Maps File (2nd floor)
|